000 00696nam a2200205 i 4500
001 186752
003 ES-MaACL
005 20251010170315.0
008 170213s1910 sp |||| | spa d
080 _a821.134.2-32"19"
100 1 _aHuertos, Luis G.,
_d1883-1949?
_9161715
245 1 0 _aMiseria errante /
_cnovela de Luis G. Huertos ; ilustraciones de C. Álvarez-Dumont.
260 _aMadrid :
_bLos Contemporáneos,
_c1910.
300 _a[20] p. :
_bil. ;
_c27 cm.
490 1 _aLos contemporáneos ;
_v60
700 1 _aÁlvarez Dumont, César,
_d1866-1945
_920800
830 0 _aLos contemporáneos ;
_v60
_9185715
852 _aES-MaACL
_jR-2598(7)
999 _c186752
_d186752